Dostupnosť bývania na Slovensku bakalárska práca

Salvato in:
Dettagli Bibliografici
Autore principale: Staník, Denis
Ente Autore: Národohospodárska fakulta EU. Katedra hospodárskej politiky
Altri autori: Petríková, Kristína
Natura: Libro
Lingua:slovacco
Pubblicazione: Bratislava 2017
Tags: Aggiungi Tag
Nessun Tag, puoi essere il primo ad aggiungerne!!

MARC

LEADER 00000nbm a2200000 4500
001 0233820
005 20170801094525.7
041 0 |a slo 
044 |a SK 
245 1 0 |a Dostupnosť bývania na Slovensku  |b bakalárska práca  |c Denis Staník ; školiteľ: Kristína Petríková 
264 1 |a Bratislava  |c 2017 
300 |a 51 s. 
100 1 |a Staník, Denis 
700 1 |a Petríková, Kristína 
710 2 |a Národohospodárska fakulta EU. Katedra hospodárskej politiky